| 000 | 00534nam a2200205 4500 | ||
|---|---|---|---|
| 003 | OSt | ||
| 005 | 20260601193848.0 | ||
| 008 | 260507b2005 |||a|||| |||| 00| 0 spa d | ||
| 020 | _a9685616043 | ||
| 040 |
_aICI _bspa _cICI |
||
| 050 |
_aNA6823 _bT43 2005 |
||
| 100 | 1 |
_aMigdal Arquitectos _931851 |
|
| 245 | 1 | _aTeatro-Auditorio Pachuca, Hidalgo | |
| 264 |
_bArquine _c2005 _aMéxico |
||
| 300 | _a72 páginas | ||
| 336 |
_atexto _2rdacontent |
||
| 337 |
_asin medio _2rdamedia |
||
| 338 |
_avolumen _2rdacarrier |
||
| 942 |
_2ddc _cB _n1 |
||
| 999 |
_c21746 _d21746 |
||